Annual report UNIDO 1998 : programme performance report : list of technical cooperation projects
Αποθηκεύτηκε σε:
| Συγγραφή απο Οργανισμό/Αρχή: | |
|---|---|
| Μορφή: | Βιβλίο |
| Γλώσσα: | English |
| Δημοσίευση: |
[s.l.] :
Industrial Development Board,
1999
|
| Θέματα: | |
| Ετικέτες: |
Προσθήκη ετικέτας
Δεν υπάρχουν, Καταχωρήστε ετικέτα πρώτοι!
|
MARC
| LEADER | 00000nam a2200000 i 4500 | ||
|---|---|---|---|
| 001 | 1/12304 | ||
| 008 | 000919s1999 eng d | ||
| 035 | |l 10064155 | ||
| 040 | |a GR-MY-UA |b gre |e aacr | ||
| 041 | 0 | |a eng | |
| 082 | 0 | |a 341.75061 | |
| 110 | 2 | |a United Nations Industrial Development Organization. | |
| 245 | 1 | 0 | |a Annual report UNIDO 1998 : |b programme performance report : list of technical cooperation projects / |c UNIDO |
| 260 | |a [s.l.] : |b Industrial Development Board, |c 1999 | ||
| 300 | |a 63 p.; |c 30 cm. | ||
| 610 | 2 | 0 | |a United Nations Industrial Development Organization |x Periodicals. |
| 650 | 0 | 0 | |a Industries |z Developing countries. |
| 852 | |a INST |b CHIOS |e 20000919 |h 341.75061 UNI |p 005200018174 |q 005200018174 |t BK |y 0 | ||
| 901 | |a BIBL2-2000-3 | ||
| 909 | |a Χ |b 075663 | ||
| 920 | |a UNIDO |z 2000-03 | ||
| 970 | |z 2000/09/ELIDOC | ||